Logo BPK

Bibliografia Prac Pracowników

Politechniki Koszalińskiej

Transformation of SI circuits into their ST counterparts / (Rekord nr 116)

Szczegóły MARC
000 -ETYKIETA REKORDU
podpole kontrolne o stałej długości 01497naa a2200265 i 4500
001 - NUMER KONTROLNY REKORDU
podpole kontrolne BPP
003 - IDENTYFIKATOR NUMERU KONTROLNEGO REKORDU
podpole kontrolne BPK
005 - DATA OSTATNIEJ MODYFIKACJI REKORDU
podpole kontrolne 20180427091927.0
008 - POLE O STAŁEJ DŁUGOŚCI - DANE KONTROLNE
podpole kontrolne o stałej długości 151201s2002 pl f |100 0 eng
040 ## - ŹRÓDŁO KATALOGOWANIA
Instytucja, która utworzyła rekord BPK
041 ## - KOD JĘZYKA
Kod języka tekstu eng
044 ## - KOD KRAJU WYDAWCY/PRODUCENTA
Kod kraju wydawcy/producenta POL
080 ## - UNIWERSALNA KLASYFIKACJA DZIESIĘTNA - UKD
UKD 621.314
100 ## - NAZWA OSOBOWA
Nazwa osobowa WAWRYN, Krzysztof.
Lata pracy 1996 - .
Instytucja Politechnika Koszalińska - Wydział Elektroniki,
Wydział Katedra Systemów Cyfrowego Przetwarzania Sygnałów
245 ## - TYTUŁ/ODPOWIEDZIALNOŚĆ
Tytuł Transformation of SI circuits into their ST counterparts /
Pozostałe elementy strefy tytułu i oznaczenia odpowiedzialności Krzysztof Wawryn, Andrzej Mazurek.
260 ## - STREFA ADRESU WYDAWNICZEGO
Data publikacji, dystrybucji/powstania dokumentu 2002.
500 ## - UWAGI OGÓLNE
Tekst uwagi Dane z Informatora o publikowanych wynikach prac naukowo-badawczych w 2002 roku Wydziału Elektroniki.
520 ## - UWAGA DOTYCZĄCA TREŚCI DOKUMENTU
Analiza dokumentacyjna, adnotacja itp. In the paper, there has been presented a transformation of SI circuits into their ST counterparts. For comparison purposes a simple transconductance amplifier was designed, to configure ST integrator structures. Simulation examinations of SI integrators and their ST counterparts were carried out, to compare their pertormances.
650 #0 - HASŁO PRZEDMIOTOWE W FORMIE NAZWY OGÓLNEJ LUB JEDNOSTKOWEJ
Nazwa ogólna lub geograficzna Transformatory.
655 #0 - TERMIN INDEKSOWY - OKREŚLENIE RODZAJU/FORMY DOKUMENTU
Określnie rodzaju/formy dokumentu Materiały konferencyjne.
700 ## - HASŁO DODATKOWE - NAZWA OSOBOWA
Nazwa osobowa MAZUREK, Andrzej.
Lata pracy 1996 - .
Instytucja Politechnika Koszalińska - Wydział Elektroniki,
Wydział Katedra Systemów Elektronicznych
711 ## - HASŁO DODATKOWE - NAZWA IMPREZY
Nazwa imprezy International Conference on Signals and Electronic Systems ICSES 2002
Data imprezy (2002 ;
Miejsce imprezy Wrocław / Świeradów Zdrój, Polska).
Nazwa części/sekcji dzieła ICSES'2002
773 ## - TYTUŁ DOKUMENTU MACIERZYSTEGO
Wyrażenie wprowadzające W :
Tytuł International Conference on Signals and Electronic Systems. -
Informacje dotyczące relacji 2002, s. 293-298
942 ## - HASŁO DODATKOWE - ELEMENTY(KOHA)
Typ dokumentu Artykuł
Schemat klasyfikacji Uniwersalna klasyfikacja dziesiętna

Brak dostępnych egzemplarzy.

© 2014 Biblioteka Politechniki Koszalińskiej :: BIBLIOGRAFIA PRAC PRACOWNIKÓW